आभाळाची सावली (Record no. 1012787)

MARC details
000 -LEADER
fixed length control field 00574nam a2200181Ia 4500
008 - FIXED-LENGTH DATA ELEMENTS--GENERAL INFORMATION
fixed length control field 151018s9999 xx 000 0 und d
082 ## - DEWEY DECIMAL CLASSIFICATION NUMBER
Item number RBASDV10427
Classification number 891.463
100 ## - MAIN ENTRY--PERSONAL NAME
Personal name द र कवठेकर
245 ## - TITLE STATEMENT
Title आभाळाची सावली
250 ## - EDITION STATEMENT
Remainder of edition statement 4
260 ## - PUBLICATION, DISTRIBUTION, ETC. (IMPRINT)
Name of publisher, distributor, etc कुलकर्णी ग्रंथागार
Date of publication, distribution, etc 1960
300 ## - PHYSICAL DESCRIPTION
Extent 396
600 ## - SUBJECT ADDED ENTRY--PERSONAL NAME
Personal name द र कवठेकर
630 ## - SUBJECT ADDED ENTRY--UNIFORM TITLE
Uniform title आभाळाची सावली
700 ## - ADDED ENTRY--PERSONAL NAME
Personal name द र कवठेकर
730 ## - ADDED ENTRY--UNIFORM TITLE
Uniform title आभाळाची सावली
942 ## - ADDED ENTRY ELEMENTS (KOHA)
Koha item type Book
Holdings
Withdrawn status Lost status Damaged status Not for loan Home library Current library Date acquired Cost, normal purchase price Total Checkouts Full call number Barcode Date last seen Cost, replacement price Price effective from Koha item type
        R.B. Anant Shivaji Desai Vachanalaya and Granthalaya, Kudal R.B. Anant Shivaji Desai Vachanalaya and Granthalaya, Kudal 02/13/1976 14.00   RBASDV10427 RBASDV10427 10/18/2015 14.00 10/18/2015 Book